Global marketing : (Record no. 4568)

MARC details
000 -LEADER
fixed length control field 00753nam a22002292 4500
001 - CONTROL NUMBER
control field 0000024890
005 - DATE AND TIME OF LATEST TRANSACTION
control field 20151217145949.0
008 - FIXED-LENGTH DATA ELEMENTS--GENERAL INFORMATION
fixed length control field 140323s xx 000 0 eng d
020 ## - INTERNATIONAL STANDARD BOOK NUMBER
International Standard Book Number 0071318204 :
040 ## - CATALOGING SOURCE
Original cataloging agency KABU
Transcribing agency KABU
100 1# - MAIN ENTRY--PERSONAL NAME
Personal name Alon, Ilan.
-- 0000185148
245 10 - TITLE STATEMENT
Title Global marketing :
Remainder of title contemporary theory, practice, and cases /
Statement of responsibility, etc. Ilan Alon, Eugene Jaffe, Donata Vianelli.
250 ## - EDITION STATEMENT
Edition statement 1st ed.
260 ## - PUBLICATION, DISTRIBUTION, ETC. (IMPRINT)
Place of publication, distribution, etc. New York :
Name of publisher, distributor, etc. McGraw-Hill,
Date of publication, distribution, etc. 2013.
300 ## - PHYSICAL DESCRIPTION
Extent xxi, 602 p.
650 #0 - SUBJECT ADDED ENTRY--TOPICAL TERM
Topical term or geographic name as entry element Export marketing
General subdivision Management
-- Case studies.
-- 0000151334
700 1# - ADDED ENTRY--PERSONAL NAME
Personal name Jaffe, Eugene.
-- 0000185149
700 1# - ADDED ENTRY--PERSONAL NAME
Personal name Vianelli, Donata.
-- 0000185150
852 1# - LOCATION
-- p3950 KES
908 ## - PUT COMMAND PARAMETER (RLIN)
Put command parameter 140323
950 ## - LOCAL HOLDINGS (RLIN)
-- 1
Holdings
Withdrawn status Lost status Source of classification or shelving scheme Not for loan Home library Current library Date acquired Total Checkouts Total Renewals Full call number Barcode Date last seen Date last checked out Copy number Price effective from Koha item type
    Library of Congress Classification   Kabarak, Main Campus Kabarak, Main Campus 17/12/2015 8 1 HF1416 .A46 2013 c. 1 017993 02/08/2024 23/07/2020 C.1 17/12/2015 General Collection
Designed with assistance from East African Informatics Ltd